logo

Bir Sreshtho Munshi Abdur Rouf Library
Jhenaidah Cadet College

ভালো যোগাযোগের গোপন রহস্য / (Record no. 11490)

MARC details
000 -LEADER
fixed length control field 00776nam a2200241 a 4500
001 - CONTROL NUMBER
JCCL Control Number 11490
003 - CONTROL NUMBER IDENTIFIER
JCCL marc code BD-JhCC
005 - DATE AND TIME OF LATEST TRANSACTION
control field 20191109134020.0
008 - FIXED-LENGTH DATA ELEMENTS--GENERAL INFORMATION
fixed length control field 190626b 2012bg |||| ||a| 000 0 ben d
020 ## - INTERNATIONAL STANDARD BOOK NUMBER
International Standard Book Number 9789848860625
035 ## - SYSTEM CONTROL NUMBER
system control number (BD-JhCC)11490
040 ## - CATALOGING SOURCE
Original cataloging agency BD-JhCC
Modifying agency BD-JhCC
041 ## - LANGUAGE CODE
Language code of Book ben
082 ## - DEWEY DECIMAL CLASSIFICATION NUMBER
Author mark and Year KIN 2012
Classification number 302.346
100 ## - MAIN ENTRY--PERSONAL NAME
Personal name কিং, ল্যারি
245 ## - TITLE STATEMENT
Title ভালো যোগাযোগের গোপন রহস্য /
Statement of responsibility, etc ল্যারি কিং, অনু: পুলক হাসান ।
260 ## - PUBLICATION, DISTRIBUTION, ETC. (IMPRINT)
Place of publication, distribution, etc ঢাকা:
Name of publisher, distributor, etc আকাশ;
Date of publication, distribution, etc ২০১২.
300 ## - PHYSICAL DESCRIPTION
Pagination ১২৭ পৃ. :
Dimensions ২২ সেমি.
650 ## - SUBJECT ADDED ENTRY--TOPICAL TERM
Topical term or geographic name as entry element Conversation
700 ## - ADDED ENTRY--PERSONAL NAME
Personal name হাসান, পুলক
942 ## - ADDED ENTRY ELEMENTS (KOHA)
Source of classification or shelving scheme Dewey Decimal Classification
Koha item type Books
Koha issues (borrowed), all copies 2
Holdings
Source of classification or shelving scheme Damaged status Not for loan Home library Current library Shelving location Date of accession Cost, normal purchase price Total Checkouts Full call number Barcode Date last seen Date checked out Copy number Koha item type
Dewey Decimal Classification     JCC Rouf Library JCC Rouf Library General Stacks 06/26/2019 160.00 1 302.346 KIN 2012 15711 11/20/2019 11/08/2019 C-1 Books

JCC Library | Contacts | JCC Home

Last Update on 23 September 2017
Copyright @ 2017-2020 JCC Rouf Library
Rouf Library, Jhenidah Cadet College (JCC), Bangladesh